[Event "BAN-ch (Women)"]
[Site "Dhaka"]
[Date "2022.01.04"]
[Round "7"]
[White "Shimon, Ahmed"]
[Black "Jahanara, Haque"]
[Result "0-1"]
[WhiteElo "1155"]
[BlackElo "1710"]
[PlyCount "112"]
[EventDate "2021.12.29"]
[EventType "swiss"]
[EventRounds "11"]
[EventCountry "BAN"]
[SourceTitle "EXT 2023"]
[Source "ChessBase"]
[SourceDate "2022.10.05"]
[SourceVersion "1"]
[SourceVersionDate "2022.10.05"]
[SourceQuality "1"]

1. b3 e6 2. Bb2 Nf6 3. d3 Be7 4. Nd2 0-0 5. Ngf3 Nc6 6. e4 d6 7. c4 e5 8. h3 h6 9. Be2 Nh7 10. 0-0 Ng5 11. Kh2 Nxf3+ 12. Nxf3 Bf6 13. Qd2 b6 14. Rad1 Bb7 15. d4 Nxd4 16. Nxd4 exd4 17. Bd3 Re8 18. Rfe1 c5 19. Bc2 Qc7 20. f4 g6 21. Kg1 Bh4 22. Re2 Bf6 23. Bc1 Bg7 24. Rde1 Rad8 25. e5 dxe5 26. fxe5 Qd7 27. Qd3 Qc6 28. Qe4 Qxe4 29. Bxe4 Bxe4 30. Rxe4 Re6 31. a3 Rde8 32. Bf4 Kh7 33. h4 h5 34. Kf2 Bh6 35. Bh2 Bd2 36. R1e2 Bc3 37. Kf3 Rd8 38. Rf2 d3 39. Rf1 d2 40. Rd1 Bb2 41. a4 Bc1 42. Bf4 Rd3+ 43. Re3 Rxe3+ 44. Kxe3 f6 45. Ke4 fxe5 46. Bxe5 Bb2 47. Rxd2 Rxe5+ 48. Kf4 Rf5+ 49. Ke4 Bd4 50. Re2 Kg7 51. Rd2 Kf6 52. Rd3 Ke6 53. Rf3 Rxf3 54. Kxf3 Kf5 55. g3 Be5 56. Kg2 Bd4 0-1

[Event "Asia zt 3.2 (Women)"]
[Site "Dhaka"]
[Date "2019.03.18"]
[Round "4"]
[White "Ahmed, Walijah"]
[Black "Jahanara, Haque"]
[Result "0-1"]
[WhiteElo "1691"]
[BlackElo "1747"]
[PlyCount "154"]
[EventDate "2019.03.15"]
[EventType "swiss"]
[EventRounds "9"]
[EventCountry "BAN"]
[SourceTitle "CBM 189 Extra"]
[Source "ChessBase"]
[SourceDate "2019.06.03"]
[SourceVersion "1"]
[SourceVersionDate "2019.06.03"]
[SourceQuality "1"]

1. e4 e6 2. d4 d5 3. Nc3 a6 4. e5 c5 5. Nce2 cxd4 6. Nxd4 Bc5 7. Be3 Nd7 8. f4 Ne7 9. c3 Nc6 10. Ngf3 Qb6 11. Qd2 Nxd4 12. Bxd4 Nb8 13. Bxc5 Qxc5 14. Qd4 Qxd4 15. Nxd4 Bd7 16. a4 Nc6 17. Nb3 Ke7 18. a5 Rhb8 19. Nc5 Na7 20. Kd2 Bb5 21. Bxb5 Nxb5 22. Na4 Rd8 23. Nb6 Rab8 24. Kc2 Na7 25. b4 Nc8 26. Na4 Na7 27. Nc5 Nb5 28. Rad1 Na7 29. Rd3 Nc6 30. Kb3 h6 31. Re1 g6 32. g4 Rdc8 33. f5 Nxa5+ 34. Ka4 Nc4 35. Kb3 a5 36. fxe6 fxe6 37. Re2 axb4 38. cxb4 b6 39. Na6 Ra8 40. b5 Rf8 41. Rh3 Rh8 42. Kc3 Rac8 43. Kd3 Na5 44. Rc2 Rxc2 45. Kxc2 Nc4 46. g5 h5 47. Nb4 Nxe5 48. Re3 Kd6 49. Nc6 Nxc6 50. bxc6 Rc8 51. Rf3 Rxc6+ 52. Kd2 Kd7 53. Rf7+ Kd6 54. Rf6 Rc4 55. Rxg6 Rh4 56. Rg8 Rxh2+ 57. Ke3 Rh4 58. Rg7 Ke5 59. g6 Rg4 60. Rh7 Rg3+ 61. Kf2 Rxg6 62. Rxh5+ Kd4 63. Rh4+ Kc3 64. Rh8 Rg4 65. Rc8+ Rc4 66. Re8 Rc6 67. Ke1 b5 68. Rh8 d4 69. Kd1 b4 70. Rh2 b3 71. Kc1 Rd6 72. Rc2+ Kb4 73. Rd2 Rc6+ 74. Kb1 e5 75. Rd3 Rc3 76. Rd2 Kc4 77. Re2 Re3 0-1

[Event "BAN-ch (Women) 37th"]
[Site "Dhaka"]
[Date "2017.08.23"]
[Round "4"]
[White "Jahanara, Haque"]
[Black "Sultana, Sharmin Shirin"]
[Result "0-1"]
[WhiteElo "1742"]
[BlackElo "1943"]
[PlyCount "84"]
[EventDate "2017.08.20"]
[EventType "swiss"]
[EventRounds "9"]
[EventCountry "BAN"]
[SourceTitle "CBM 180 Extra"]
[Source "ChessBase"]
[SourceDate "2017.10.06"]
[SourceVersion "1"]
[SourceVersionDate "2017.10.06"]
[SourceQuality "1"]

1. d4 d5 2. c4 c6 3. e3 Nf6 4. Nf3 Bf5 5. Nc3 e6 6. a3 Nbd7 7. h3 Be7 8. Be2 h6 9. Qb3 Qc7 10. Bd2 0-0 11. Rc1 Rac8 12. cxd5 exd5 13. 0-0 Rfe8 14. Rfd1 Qb8 15. Be1 Bd6 16. Bd3 Ne4 17. Bf1 Ndf6 18. Nd2 Nxc3 19. Rxc3 Re6 20. Bd3 Bxd3 21. Rxd3 Rce8 22. Rc3 Bc7 23. Qc2 Qd8 24. Rb3 Qc8 25. Rc3 Nh7 26. Nf3 Rg6 27. Nh4 Rf6 28. Nf3 Rxf3 29. gxf3 Qxh3 30. f4 Re6 31. e4 Rg6+ 32. Rg3 Bxf4 33. Qd3 Bxg3 34. fxg3 dxe4 35. Qxe4 Re6 36. Qf4 Nf6 37. Qf1 Qg4 38. Rd3 Nd5 39. Bf2 Nf4 40. Rb3 Nh3+ 41. Kh1 Nxf2+ 42. Qxf2 Qd1+ 0-1

[Event "BAN-ch (Women)"]
[Site "Dhaka"]
[Date "2016.10.14"]
[Round "11"]
[White "Jahanara, Haque"]
[Black "Hamid, Rani"]
[Result "0-1"]
[WhiteElo "1697"]
[BlackElo "1990"]
[PlyCount "73"]
[EventDate "2016.10.03"]
[EventType "tourn"]
[EventRounds "11"]
[EventCountry "BAN"]
[SourceTitle "CBM 175 Extra"]
[Source "ChessBase"]
[SourceDate "2016.12.12"]
[SourceVersion "1"]
[SourceVersionDate "2016.12.12"]
[SourceQuality "1"]

1. d4 Nf6 2. c4 e6 3. a3 b6 4. Bg5 Bb7 5. e3 Be7 6. Nf3 0-0 7. Be2 d6 8. 0-0 Nbd7 9. Nc3 c5 10. dxc5 bxc5 11. Nb5 Qb6 12. Bxf6 Nxf6 13. Rb1 Rfd8 14. Nc3 a5 15. h3 h6 16. Nh2 d5 17. cxd5 exd5 18. Na4 Qa7 19. Nf3 d4 20. exd4 cxd4 21. Bd3 Rab8 22. Re1 Bf8 23. Rc1 Bd5 24. Bc4 Be4 25. Bd3 Ba8 26. Nd2 Qb7 27. Ne4 Kh8 28. f3 Nd5 29. Nec5 Qa7 30. Be4 Ne3 31. Qd3 Bxe4 32. Nxe4 Qd7 33. Nec5 Qd5 34. Qe4 Qg5 35. Re2 Nxg2 36. Rec2 Ne3+ 37. Kh1 0-1

[Event "BAN-ch (Women)"]
[Site "Dhaka"]
[Date "2016.10.04"]
[Round "2"]
[White "Jahanara, Haque"]
[Black "Noshin, Anjum"]
[Result "1/2-1/2"]
[WhiteElo "1697"]
[BlackElo "1371"]
[PlyCount "122"]
[EventDate "2016.10.03"]
[EventType "tourn"]
[EventRounds "11"]
[EventCountry "BAN"]
[SourceTitle "CBM 175 Extra"]
[Source "ChessBase"]
[SourceDate "2016.12.12"]
[SourceVersion "1"]
[SourceVersionDate "2016.12.12"]
[SourceQuality "1"]

1. Nf3 d5 2. d4 Nf6 3. c4 c6 4. e3 e6 5. Bd2 Nbd7 6. Be2 dxc4 7. Bxc4 Bd6 8. Nc3 0-0 9. Rc1 Re8 10. 0-0 b5 11. Bd3 Bb7 12. Ne4 Nxe4 13. Bxe4 Rc8 14. Bd3 h6 15. Be2 a6 16. Qb3 c5 17. dxc5 Nxc5 18. Qd1 Ne4 19. Be1 Rxc1 20. Qxc1 Qb8 21. h3 Rc8 22. Qd1 Qc7 23. Nd4 Bd5 24. Bf3 Nf6 25. Bxd5 Nxd5 26. Bd2 Be5 27. Bc1 Bxd4 28. Qxd4 Qc4 29. Qxc4 Rxc4 30. a3 Rc2 31. e4 Nb6 32. b3 Nd7 33. Be3 Ra2 34. Rc1 Rxa3 35. Rc8+ Kh7 36. b4 f6 37. Rd8 Ne5 38. Re8 Rb3 39. Bc5 Nd3 40. Rxe6 Nxb4 41. Bxb4 Rxb4 42. Rxa6 Rxe4 43. Rb6 Rb4 44. g3 Rb1+ 45. Kg2 Kg6 46. Rb7 b4 47. Kf3 b3 48. g4 b2 49. h4 h5 50. gxh5+ Kxh5 51. Rb8 Kg6 52. Rb5 Kh6 53. h5 g5 54. hxg6 Kxg6 55. Kf4 Ra1 56. Rxb2 Ra4+ 57. Kg3 Kg5 58. Rb8 Rg4+ 59. Kf3 Rf4+ 60. Kg3 Rg4+ 61. Kf3 Rf4+ 1/2-1/2

[Event "BAN-ch (Women) 34th"]
[Site "Dhaka"]
[Date "2014.02.15"]
[Round "8"]
[White "Hamid, Rani"]
[Black "Jahanara, Haque"]
[Result "1-0"]
[WhiteElo "1982"]
[BlackElo "1650"]
[PlyCount "123"]
[EventDate "2014.02.07"]
[EventType "tourn"]
[EventRounds "11"]
[EventCountry "BAN"]
[SourceTitle "CBM 158 Extra"]
[Source "ChessBase"]
[SourceDate "2014.02.28"]
[SourceVersion "1"]
[SourceVersionDate "2014.02.28"]
[SourceQuality "1"]

1. e4 e5 2. Nf3 Nc6 3. Bb5 Nf6 4. 0-0 Be7 5. Re1 0-0 6. h3 Nd4 7. Nxd4 exd4 8. c3 dxc3 9. bxc3 d6 10. d4 c6 11. Bd3 c5 12. Nd2 cxd4 13. cxd4 Nd7 14. Nf1 Bf6 15. Be3 b6 16. Ng3 Nb8 17. Qf3 Bb7 18. Nh5 Nd7 19. Rad1 g6 20. Nxf6+ Qxf6 21. Qg3 Rac8 22. Bf4 d5 23. e5 Qe6 24. Bg5 Rc3 25. Re3 Rfc8 26. Rf3 R3c7 27. Qh4 Qe8 28. Bh6 Qe6 29. Bf5 gxf5 30. Rg3+ Kh8 31. Bg7+ Kg8 32. Bf6+ Kf8 33. Qh6+ Ke8 34. Rg8+ Nf8 35. Rxf8+ Kd7 36. Rxc8 Rxc8 37. Qxh7 Ba6 38. h4 Be2 39. Re1 Bd3 40. h5 Rc3 41. h6 f4 42. Qg8 Qe8 43. h7 Bxh7 44. Qxh7 Rc6 45. Qf5+ Kc7 46. Qxf4 Kb7 47. Rc1 Qc8 48. Rxc6 Qxc6 49. g4 Qc2 50. a3 b5 51. Be7 Qg6 52. Qf5 Qc6 53. Qxf7 Qc1+ 54. Kg2 Qc4 55. Bc5+ Kc8 56. Qxa7 b4 57. Bxb4 Qe2 58. Qa8+ Kc7 59. Ba5+ Kd7 60. Qxd5+ Ke7 61. Bb4+ Ke8 62. Qe6+ 1-0

[Event "BAN-ch (Women) 34th"]
[Site "Dhaka"]
[Date "2014.02.10"]
[Round "4"]
[White "Sultana, Sharmin Shirin"]
[Black "Jahanara, Haque"]
[Result "1-0"]
[WhiteElo "1978"]
[BlackElo "1650"]
[PlyCount "155"]
[EventDate "2014.02.07"]
[EventType "tourn"]
[EventRounds "11"]
[EventCountry "BAN"]
[SourceTitle "CBM 158 Extra"]
[Source "ChessBase"]
[SourceDate "2014.02.28"]
[SourceVersion "1"]
[SourceVersionDate "2014.02.28"]
[SourceQuality "1"]

1. d4 d5 2. c4 e6 3. Nc3 Nf6 4. cxd5 Nxd5 5. e4 Nxc3 6. bxc3 Be7 7. Nf3 b6 8. Bb5+ c6 9. Bd3 Bb7 10. 0-0 0-0 11. Qe2 Nd7 12. e5 c5 13. Be3 Rc8 14. Rfd1 Rc7 15. Ne1 Qa8 16. Qh5 Be4 17. Qg4 Bxd3 18. Rxd3 Rfc8 19. Rad1 cxd4 20. cxd4 Qd5 21. R3d2 Rc1 22. Nd3 Rxd1+ 23. Qxd1 Qc4 24. h3 g6 25. Qf3 Qc6 26. Qg4 a6 27. Bh6 Bf8 28. Bg5 Bg7 29. Qe2 Qc4 30. Be3 a5 31. Rb2 b5 32. Rb1 Qa4 33. Nc5 Nxc5 34. dxc5 b4 35. f4 Bf8 36. Qc4 Qc6 37. Rc1 Rb8 38. Kh2 Rd8 39. Qb3 Rd5 40. a3 bxa3 41. Qxa3 Qb5 42. Qc3 Rd8 43. Qc4 Qxc4 44. Rxc4 Be7 45. c6 Rc8 46. Bb6 a4 47. c7 a3 48. Ra4 Kf8 49. g4 Ke8 50. Rd4 Ra8 51. Ba7 Rc8 52. Bb6 Ra8 53. Kg3 Rc8 54. Kf3 a2 55. Ra4 Kd7 56. Rxa2 Kc6 57. Ba5 Bc5 58. Rb2 Ba7 59. Ke4 h6 60. Rd2 Kb7 61. Rd7 Bb6 62. Bxb6 Kxb6 63. Rxf7 Ra8 64. Rf6 Ra4+ 65. Ke3 Kxc7 66. Rxe6 Ra3+ 67. Ke4 Ra4+ 68. Kd5 Ra5+ 69. Kc4 Ra4+ 70. Kc5 Rxf4 71. Rxg6 h5 72. Rg7+ Kd8 73. Kd6 Rd4+ 74. Ke6 Ra4 75. Rg5 hxg4 76. hxg4 Rf4 77. Rg8+ Kc7 78. Ke7 1-0

[Event "Parachute-ch (Women) 30th"]
[Site "Dhaka"]
[Date "2009.03.06"]
[Round "10"]
[White "Jahanara, Haque"]
[Black "Khan, Nazrana"]
[Result "0-1"]
[WhiteElo "1561"]
[BlackElo "1983"]
[PlyCount "104"]
[EventDate "2009.02.22"]
[EventType "tourn"]
[EventRounds "11"]
[EventCountry "BAN"]
[SourceTitle "EXT 2024"]
[Source "ChessBase"]
[SourceDate "2023.10.10"]
[SourceVersion "1"]
[SourceVersionDate "2023.10.10"]
[SourceQuality "1"]

1. d4 d5 2. c4 c6 3. e3 Nf6 4. Nf3 g6 5. Bd3 Bg7 6. Nc3 0-0 7. Bd2 Nbd7 8. Rc1 Re8 9. 0-0 e5 10. dxe5 Nxe5 11. Nxe5 Rxe5 12. f4 Re8 13. Re1 d4 14. Nb1 dxe3 15. Bxe3 Ng4 16. Bf2 Nxf2 17. Kxf2 Qd4+ 18. Kf1 Rxe1+ 19. Kxe1 Qg1+ 20. Kd2 Qxg2+ 21. Qe2 Qxe2+ 22. Bxe2 Bxb2 23. Rc2 Bg7 24. Bd3 Bg4 25. Na3 Rd8 26. Ke3 Bd4+ 27. Kd2 Bc5 28. Rc3 Bf5 29. Nc2 Bg1 30. h4 Bh2 31. Ke3 Rxd3+ 32. Rxd3 Bxf4+ 33. Ke2 Bxd3+ 34. Kxd3 Bg3 35. h5 Bf2 36. Ke2 Bc5 37. hxg6 fxg6 38. Ne1 Kf7 39. a4 a5 40. Nd3 Bb4 41. Kf3 h5 42. Ke4 Kf6 43. Ne5 Bc3 44. Nf3 g5 45. Ng1 Bb4 46. Ne2 Bd6 47. Nd4 g4 48. Nb3 Bc7 49. Nd4 h4 50. Nf5 h3 51. Ne3 Kg5 52. Nd1 Bb6 0-1

[Event "Parachute-ch (Women) 30th"]
[Site "Dhaka"]
[Date "2009.03.04"]
[Round "8"]
[White "Hamid, Rani"]
[Black "Jahanara, Haque"]
[Result "1-0"]
[WhiteElo "2102"]
[BlackElo "1561"]
[PlyCount "56"]
[EventDate "2009.02.22"]
[EventType "tourn"]
[EventRounds "11"]
[EventCountry "BAN"]
[SourceTitle "EXT 2024"]
[Source "ChessBase"]
[SourceDate "2023.10.10"]
[SourceVersion "1"]
[SourceVersionDate "2023.10.10"]
[SourceQuality "1"]

1. e4 e5 2. Nf3 Nc6 3. Bb5 a6 4. Ba4 Bc5 5. c3 Nf6 6. 0-0 0-0 7. d4 exd4 8. cxd4 Be7 9. d5 Na7 10. e5 Ne4 11. Bc2 Ng5 12. Nxg5 Bxg5 13. Qh5 h6 14. f4 Be7 15. Be3 b6 16. Nc3 Bc5 17. Rae1 Nb5 18. Ne4 Bxe3+ 19. Rxe3 Nd4 20. Bb1 c6 21. Nf6+ Kh8 22. Ng4 Qe8 23. Nxh6 f5 24. Qh4 Rf6 25. Ng4+ Rh6 26. Nxh6 Ne2+ 27. Rxe2 gxh6 28. Qxh6+ Kg8 1-0